Missing Word: Legal Movies A-Z Quiz Stats

Quiz Updated Jul 4, 2015

Challenge
Share
Tweet
Embed
Score 0/22 Timer 03:00
1 Play Today
Hint Answer % Correct
To ____ a Mockingbird - 1962Kill
99.1%
A Few ____ Men - 1992Good
98.3%
Legally ____ - 2001Blonde
98.2%
____ Brockovich - 2000Erin
97.5%
12 ____ Men - 1957Angry
97.4%
The Passion of ____ of Arc - 1928Joan
96.7%
My Cousin ____ - 1992Vinny
92.7%
A ____ to Kill - 1996Time
92.3%
Presumed ____ - 1990Innocent
91.5%
____ of Engagement - 2000Rules
90.2%
Wives ____ Suspicion - 1938Under
86.2%
Hint Answer % Correct
The ____ Advocate - 1997Devil's
85.1%
In the Name of the ____ - 1993Father
84.4%
Witness for the ____ - 1957Prosecution
82.9%
A Man for All ____ - 1966Seasons
82.8%
Anatomy of a ____ - 1959Murder
81.6%
Inherit the ____ - 1960Wind
68.1%
The Lincoln ____ - 2011Lawyer
68.1%
____ Mr. Lincoln - 1939Young
66.6%
Judgment at ____ - 1961Nuremberg
62.1%
____ Crimes - 2002High
47.3%
North ____ - 2005Country
33.7%

Today's Daily Dose

You're not logged in!

Compare scores with friends on all Sporcle quizzes.
Join for Free
OR
Log In

You Might Also Like...

Show Comments

Extras

Top Quizzes Today


Score Distribution

Your Account Isn't Verified!

In order to create a playlist on Sporcle, you need to verify the email address you used during registration. Go to your Sporcle Settings to finish the process.

Report this User

Report this user for behavior that violates our Community Guidelines.

Details: